AH International Schools' Libraries

Sherlock Holmes: The Red-Headed League / (Record no. 49958)

MARC details
000 -LEADER
fixed length control field 01095nam a2200145 4500
020 ## - INTERNATIONAL STANDARD BOOK NUMBER
International Standard Book Number 978-1782264118
100 ## - MAIN ENTRY--PERSONAL NAME
Personal name Doyle, Arthur Conan, Sir.
Relator term author.
9 (RLIN) 87029
245 ## - TITLE STATEMENT
Title Sherlock Holmes: The Red-Headed League /
Statement of responsibility, etc By Sir Arthur Conan Doyle.
260 ## - PUBLICATION, DISTRIBUTION, ETC. (IMPRINT)
Place of publication, distribution, etc United Kingdom:
Name of publisher, distributor, etc Sweet Cherry Publishing;
Date of publication, distribution, etc July 25, 2019.
300 ## - PHYSICAL DESCRIPTION
Extent 120 pages.
Dimensions 5.04 x 0.31 x 7.8 inches.
490 ## - SERIES STATEMENT
Series statement Sherlocks Holmes
520 ## - SUMMARY, ETC.
Summary, etc The Red-Headed League is looking for a new member to assist with minor tasks. The salary for this position will be £4 a week. All red-headed men in good health and over the age of twenty-one will be considered.<br/>After Jabez Wilson's well-paid position with the Red-Headed League ends with no warning, he asks Holmes to find out why.<br/>What starts out as a straightforward investigation turns into a midnight stakeout as Holmes attempts to prevent a shocking crime.<br/><br/>A simplification of Arthur Conan Doyle's Sherlock Holmes, perfect for young fans of mystery books. A great introduction to classics for children aged 7+.
650 ## - SUBJECT ADDED ENTRY--TOPICAL TERM
9 (RLIN) 19551
Topical term or geographic name as entry element Criminal investigation.
942 ## - ADDED ENTRY ELEMENTS (KOHA)
Source of classification or shelving scheme
Holdings
Withdrawn status Lost status Source of classification or shelving scheme Damaged status Not for loan Home library Current library Date acquired Total Checkouts Full call number Barcode Date last seen Date checked out Price effective from Koha item type
          Logos International School Logos International School 12/10/2025 1 CB FIC DOY 100121 01/09/2026 12/16/2025 12/10/2025 Book

For any Logos Library related questions please contact Miss Art at swongnarasuk@asianhope.org.

For any Asian Hope Library related questions please contact Miss Raza at graza@asianhope.org.

Powered by Koha